Lịch sử quan hệ quốc tế Từ đầu thời cận đại đến kết thúc Thế chiến thứ hai

Zapisane w:
Opis bibliograficzny
1. autor: Vũ, Dương Ninh (Chủ biên)
Kolejni autorzy: Nguyễn Văn Tận, Phan Văn Ban, Trần Thị Vinh
Format: Książka
Wydane: Hà Nội Đại học Sư Phạm 2010
Hasła przedmiotowe:
Etykiety: Dodaj etykietę
Nie ma etykietki, Dołącz pierwszą etykiete!
Thư viện lưu trữ: Trung tâm Học liệu Lê Vũ Hùng, Trường Đại học Đồng Tháp
LEADER 00993pam a22002538a 4500
001 00030546
005 20171026081025.0
008 130412s2010 ||||||Viesd
020 |c 35000 
041 0 # |a Vie 
082 1 4 |a 327.09  |b L302S 
100 1 # |a Vũ, Dương Ninh  |e Chủ biên 
245 1 0 |a Lịch sử quan hệ quốc tế  |b Từ đầu thời cận đại đến kết thúc Thế chiến thứ hai  |c Vũ Dương Ninh ( Chủ biên); Phan Văn Ban, Nguyễn văn Tận, Trần Thị Vinh 
260 # # |a Hà Nội  |b Đại học Sư Phạm  |c 2010 
300 # # |a 193 tr.  |c 24cm. 
653 # # |a Lịch sử 
653 # # |a Quốc tế 
653 # # |a Quan hệ 
700 1 # |a Nguyễn Văn Tận 
700 1 # |a Phan Văn Ban 
700 1 # |a Trần Thị Vinh 
852 # # |b Kho mượn  |j KM.0009575 
910 0 # |a Đào Thanh Nhiển  |d 12/04/2013 
980 # # |a Trung tâm Học liệu Lê Vũ Hùng, Trường Đại học Đồng Tháp